Elementary and Intermediate Algebra
With a strong emphasis on skill-building, applications in the real world, and preparation for further math courses, this text unites the concepts of Elementary Algebra and Intermediate Algebra in one convenient and economical volume.
Saved in:
| Main Author: | |
|---|---|
| Format: | Book |
| Language: | Undetermined |
| Published: |
Boston
McGraw-Hill
2006
|
| Subjects: | |
| Tags: |
Add Tag
No Tags, Be the first to tag this record!
|
| Institutions: | Trung tâm Học liệu Trường Đại học Cần Thơ |
|---|
| LEADER | 00775nam a2200205Ia 4500 | ||
|---|---|---|---|
| 001 | CTU_151876 | ||
| 008 | 210402s9999 xx 000 0 und d | ||
| 020 | |c 55 | ||
| 082 | |a 512.9 | ||
| 082 | |b D867 | ||
| 100 | |a Dugopolski, Mark | ||
| 245 | 0 | |a Elementary and Intermediate Algebra | |
| 245 | 0 | |c Mark Dugopolski | |
| 260 | |a Boston | ||
| 260 | |b McGraw-Hill | ||
| 260 | |c 2006 | ||
| 520 | |a With a strong emphasis on skill-building, applications in the real world, and preparation for further math courses, this text unites the concepts of Elementary Algebra and Intermediate Algebra in one convenient and economical volume. | ||
| 650 | |a Algebra,Đại số học | ||
| 904 | |i Phạm Thị Chuyên, Năm | ||
| 980 | |a Trung tâm Học liệu Trường Đại học Cần Thơ | ||